00692nam a22001697a 4500999001900000020001800019082001300037100002800050245009100078260003600169300001000205650002400215650005500239650005400294650004300348952013100391 c513086d513086 a9780593189658 aK95 C256 aCarver, Courtney915414 aSoulful simplicity:bhow living with less can lead to so much morecby Courtney Carver aNew YorkbTarcher Perigeec2017 a234p. aSimplicity. 915503 aSelf help -- Personal Growth -- Happiness. 915504 aSelf help -- Motivational & Inspirational.915505 aSelf-actualization (Psychology)915506 00102ddc406K_95_000000000000000_C25670aIIPAbIIPAd2020-01-17l2oK95 C256p88352r2020-09-16s2020-09-01w2020-01-17yBK